000 00574nam a2200181Ia 4500
003 OSt
005 20260325112030.0
008 211028s2006 xx 000 0 und d
040 _cAIMIT LIBRARY
041 _aeng
082 _a658.3 NAZS
100 _aNazareth, Stephen Joy Roshan;Dsouza, Preethi.
_g40911120
_95641
245 _aEmployee attitude survery on innovative hr practices in Karnataka Bank (H.O) Mangalore /
260 _bDsouza, Preethi
_c2006
600 _aHuman Resource Management
_95642
650 _aHuman Resource Management
_95643
942 _2ddc
_cPRO
999 _c217972
_d217972